000 00754cam a22002414a 4500
001 12365629
005 20180827073247.0
008 010402s2002 nyua b 001 0 eng
010 _a 2001024558
020 _a0471389137 (cloth : alk paper)
040 _aDLC
_cDLC
_dDLC
041 _aeng
042 _apcc
080 _a571.6
082 0 0 _a571.6
_221
100 1 _a11
101 _aBIO
245 1 0 _aCell and molecular biology :
_cGerald Karp.
504 _aIncludes bibliographical references and index.
906 _a7
_bcbc
_corignew
_d1
_eocip
_f20
_gy-gencatlg
942 _2ddc
_cBK
999 _c47345
_d47345